Central Library OPAC University of Rajshahi

The R.I.N. strike / (Record no. 4464)

MARC details
000 -LEADER
fixed length control field 00647nam a2200229 a 4500
001 - CONTROL NUMBER
control field 4464
003 - CONTROL NUMBER IDENTIFIER
rucl marc code BD-RjUL
005 - DATE AND TIME OF LATEST TRANSACTION
control field 20211208233909.0
008 - FIXED-LENGTH DATA ELEMENTS--GENERAL INFORMATION
fixed length control field 131222s1981 ii 000 0 eng d
035 ## - SYSTEM CONTROL NUMBER
System control number (BD-RjUL)4499
040 ## - CATALOGING SOURCE
Original cataloging agency DLC
Transcribing agency DLC
Modifying agency DLC
-- (BD-RjUL)
Language of cataloging eng
041 ## - LANGUAGE CODE
Language code of text/sound track or separate title eng
082 00 - DEWEY DECIMAL CLASSIFICATION NUMBER
Classification number 954.0359
Edition number 20
Author mark and year BAR
100 1# - MAIN ENTRY--PERSONAL NAME
Personal name Banerjee, Subrata,
Dates associated with a name 1919-
9 (RLIN) 14112
245 14 - TITLE STATEMENT
Title The R.I.N. strike /
Statement of responsibility, etc. Subrata Banerjee.
260 ## - PUBLICATION, DISTRIBUTION, ETC. (IMPRINT)
Place of publication, distribution, etc. New Delhi :
Name of publisher, distributor, etc. People's Pub. House,
Date of publication, distribution, etc. 1981.
300 ## - PHYSICAL DESCRIPTION
Pagination xix, 167 p. ;
Size 22 cm.
650 #0 - SUBJECT ADDED ENTRY--TOPICAL TERM
Topical term or geographic name as entry element Royal Indian Navy Mutiny, 1946.
9 (RLIN) 14113
942 ## - ADDED ENTRY ELEMENTS (KOHA)
Source of classification or shelving scheme Dewey Decimal Classification
Koha item type Books
Holdings
Lost status Source of classification or shelving scheme Damaged status Not for loan Collection code Permanent Location Current Location Shelving location Date acquired Source of acquisition Cost, normal purchase price Total Checkouts Full call number Date last seen Copy number Koha item type
  Dewey Decimal Classification   Not For Loan Non-fiction Central Library, University of Rajshahi Central Library, University of Rajshahi Reading Room 30/10/1990 Swets and Zetlinger 18.00   954.0359 BAR 1981 22/12/2013 C-1 Books